Dostupnosť kapitálu
Dôvody na vytvorenie podporného fondu poľnohospodárstva ako nástroja štátnej politiky. Poskytovanie prostriedkov podporného fondu poľnohospodárstva právnickým a fyzickým osobám pre modernizačné, inovačné a nové rozvojové programy. Formy podpory rozvojových programov v poľnohospodárstve.
Gespeichert in:
| 1. Verfasser: | |
|---|---|
| Format: | Buchkapitel |
| Sprache: | Slowakisch |
| Schlagworte: | |
| Tags: |
Keine Tags, Fügen Sie das erste Tag hinzu!
|
MARC
| LEADER | 00000naa a2200000 4500 | ||
|---|---|---|---|
| 001 | r016197 | ||
| 005 | 20221213114840.2 | ||
| 041 | 0 | |a slo | |
| 044 | |a SK | ||
| 245 | 1 | 0 | |a Dostupnosť kapitálu |c M. Kováčová |
| 520 | |a Dôvody na vytvorenie podporného fondu poľnohospodárstva ako nástroja štátnej politiky. Poskytovanie prostriedkov podporného fondu poľnohospodárstva právnickým a fyzickým osobám pre modernizačné, inovačné a nové rozvojové programy. Formy podpory rozvojových programov v poľnohospodárstve. | ||
| 610 | 2 | 0 | |a poľnohospodárstvo |
| 610 | 2 | 0 | |a programy rozvojové |
| 610 | 2 | 0 | |a zákony |
| 610 | 2 | 0 | |a osoby fyzické |
| 610 | 2 | 0 | |a osoby právnické |
| 610 | 2 | 0 | |a pôžičky |
| 610 | 2 | 0 | |a úver |
| 610 | 2 | 0 | |a fondy finančné |
| 100 | 1 | |a Kováčová, M. | |